| 000 | 01517cam a2200157 4500500 | ||
|---|---|---|---|
| 005 | 20260412000658.0 | ||
| 041 | _afre | ||
| 042 | _adc | ||
| 100 | 1 | 0 |
_aFondu, Guillaume _eauthor |
| 245 | 0 | 0 | _a Christophe DARMANGEAT, Le Profit déchiffré. Trois essais d’économie marxiste, Montreuil, La ville brûle, 2016, 224 pages |
| 260 | _c2017. | ||
| 500 | _a66 | ||
| 520 | _aThe Interpellated Subject : Beyond Althusser and Butler According to the theory of « interpellation », capitalism brings forth a « subject form » : a subject who, by assuming its subjection, takes on its guilt. Through this « linguistic turn » within Marxism, Althusser endows social structure with speech. But how could social relations « interpellate » ? And what sort of guilt might be at stake here ? In contrast with the asymmetrical « from the top » Althusserian view, the meta-structural approach advances the concept of an amphibological interpellation, where the same demand – « freedomandequality ! » – is made by the powerful and by the people-multitude. Such is the modern « differend ». Modern society thus carries within itself the principle of its self-critique, being burdened with a guilt which is not that of breaking the Law, but of complying with it. This supposition underlies all emancipatory speech. | ||
| 786 | 0 | _nActuel Marx | 61 | 1 | 2017-03-09 | p. 206c-207c | 0994-4524 | |
| 856 | 4 | 1 | _uhttps://shs.cairn.info/revue-actuel-marx-2017-1-page-206c?lang=fr&redirect-ssocas=7080 |
| 999 |
_c2210870 _d2210870 |
||